| 000 | 00577cam a2200217 4500 | ||
|---|---|---|---|
| 001 | ABS61201 | ||
| 008 | 000000n1999 000 0 eng u | ||
| 035 | _a(Sirsi) u101796 | ||
| 245 | _aRegional survey: Cheshire & North Wales. | ||
| 260 | _c1999 | ||
| 490 |
_aProperty Week _v64(37) 24 September 1999, 72-90(10) |
||
| 650 | _aCHESHIRE | ||
| 650 | _aNORTH WALES | ||
| 650 | _aDEVOLUTION | ||
| 650 | _aWARRINGTON | ||
| 650 | _aCHESTER | ||
| 650 | _aA55 | ||
| 650 | _aCHESHIRE OAKS | ||
| 690 | _aPROPERTY-COMMERCIAL PROPERTY-COMMERCIAL PROPERTY MARKET | ||
| 942 | _n0 | ||
| 999 |
_c60909 _d60909 |
||